000 00611nam a2200193Ia 4500
005 20250508151550.0
008 008 250505s9999 xx 000 0 eng d
037 _aTextual
040 _aFEDL
_beng
_cFEDL
041 _aeng
_2eng
084 _a372.6, IOW
_qFEDL
100 _aNetzer Royal F
_9759512
245 0 _aEvaluation of a technique for measuring improvement in oral composition
260 _aIowa
_bUniversity of Iowa
_c1939
300 _a46p.
546 _aUniversity of Iowa studies studies in education Vol 10 Number 4
942 _cTEXL
_h372.6, IOW
999 _c1330661
_d1330661